L'ancienneté de l'homme prouvée par la géologie et remarques sur les théories relatives à l'origine des espèces par variation / (Record no. 158285)
[ view plain ]
| 000 -LEADER | |
|---|---|
| campo de control de longitud fija | 00960nam a22001935i 4500 |
| 001 - NÚMERO DE CONTROL | |
| campo de control | 158285 |
| 003 - IDENTIFICADOR DE NÚMERO DE CONTROL | |
| campo de control | ES-MaACL |
| 005 - FECHA Y HORA DE LA ÚLTIMA TRANSACCIÓN | |
| campo de control | 20230906211104.0 |
| 008 - DATOS DE LONGITUD FIJA--INFORMACIÓN GENERAL | |
| campo de control de longitud fija | 960320s1864 fr a |||| | fre d |
| 040 ## - FUENTE DE CATALOGACIÓN | |
| Centro catalogador/agencia de origen | CLM |
| Lengua de catalogación | spa |
| Centro/agencia transcriptor | CCPB | SIC |
| 100 1# - ENTRADA PRINCIPAL--NOMBRE DE PERSONA | |
| Nombre de persona | Lyell, Charles |
| Títulos y otros términos asociados al nombre | Baron de. |
| 9 (RLIN) | 222935 |
| 245 12 - MENCIÓN DEL TÍTULO | |
| Título | L'ancienneté de l'homme prouvée par la géologie et remarques sur les théories relatives à l'origine des espèces par variation / |
| Mención de responsabilidad, etc. | par Sir Charles Lyell... ; traduit avec le consentement et le concours de l'auteur par M.M. Chaper. |
| 260 ## - PUBLICACIÓN, DISTRIBUCIÓN, ETC. | |
| Lugar de publicación, distribución, etc. | Paris : |
| Nombre del editor, distribuidor, etc. | J.B. Baillière et fils ; |
| Lugar de publicación, distribución, etc. | Madrid, Leizpig : |
| Nombre del editor, distribuidor, etc. | E. Jung-Treuttel, |
| Fecha de publicación, distribución, etc. | 1864. |
| 300 ## - DESCRIPCIÓN FÍSICA | |
| Extensión | 560 p. : |
| Otras características físicas | il. ; |
| Dimensiones | 21 cm. |
| 700 1# - ENTRADA AGREGADA--NOMBRE PERSONAL | |
| Nombre de persona | Chaper, M., |
| Término indicativo de función/relación | |
| 9 (RLIN) | 126451 |
| 852 ## - LOCALIZACIÓN | |
| Ubicación | ES-MaACL |
| Número de control de estantería | G-9793 |
| Nota libre | -- Enc. hol. |
| Encuadernación | -- Edic.: El tit. comienza: "L'ancienneté de l'homme ..." -- La paginación es: XVI, 560 p., [2] h. de lám. -- El imp. es: Imp. Simon Raçon et comp. |
| Estatus retirado | Estado de pérdida | Estado de daño | No para préstamo | Colección | Biblioteca de origen | Biblioteca actual | Ubicación en estantería | Fecha de adquisición | Fuente de adquisición | Total de préstamos | Signatura topográfica completa | Código de barras | Visto por última vez | Precio de reemplazo | Tipo de ítem Koha |
|---|---|---|---|---|---|---|---|---|---|---|---|---|---|---|---|
| Libros del s. XIX | Biblioteca del Ateneo de Madrid | Biblioteca del Ateneo de Madrid | Sala Pecera Planta 3 | 17/01/2008 | G-9793 | 1165663 | 23/02/2023 | 23/02/2023 | Libro impreso antiguo |
